| 000 -LEADER |
| fixed length control field |
00717nam a22002297a 4500 |
| 001 - CONTROL NUMBER |
| control field |
15299 |
| 003 - CONTROL NUMBER IDENTIFIER |
| control field |
BD-DhUAP |
| 005 - DATE AND TIME OF LATEST TRANSACTION |
| control field |
20200211095444.0 |
| 008 - FIXED-LENGTH DATA ELEMENTS--GENERAL INFORMATION |
| fixed length control field |
200203r20102002ii ||||| |||| 001 0 eng d |
| 040 ## - CATALOGING SOURCE |
| Original cataloging agency |
BD-DhUAP |
| Language of cataloging |
Eng |
| Transcribing agency |
BD-DhUAP |
| Modifying agency |
BD-DhUAP |
| 082 ## - DEWEY DECIMAL CLASSIFICATION NUMBER |
| Edition number |
23 |
| Classification number |
347.5406 MON |
| 100 ## - MAIN ENTRY--PERSONAL NAME |
| Personal name |
Monir , M. |
| 245 ## - TITLE STATEMENT |
| Title |
Law of evidence : |
| Remainder of title |
commentary on the Indian evidence act (1 of 1872) / |
| Statement of responsibility, etc. |
M. Monir ; Revised by H. S. Ursekar. |
| 250 ## - EDITION STATEMENT |
| Edition statement |
6th ed. |
| 260 ## - PUBLICATION, DISTRIBUTION, ETC. |
| Place of publication, distribution, etc. |
New Delhi : |
| Name of publisher, distributor, etc. |
Universal law publishing co., |
| Date of publication, distribution, etc. |
c2002 [Reprinted 2010]. |
| 300 ## - PHYSICAL DESCRIPTION |
| Extent |
xxii, 1102 pages ; |
| Dimensions |
24 cm. |
| 500 ## - GENERAL NOTE |
| General note |
Include index. |
| 650 ## - SUBJECT ADDED ENTRY--TOPICAL TERM |
| Topical term or geographic name entry element |
Indian Evidence Act. |
| 650 ## - SUBJECT ADDED ENTRY--TOPICAL TERM |
| Topical term or geographic name entry element |
Evidence (Law). |
| 700 ## - ADDED ENTRY--PERSONAL NAME |
| Personal name |
Ursekar, H. S. |
| 942 ## - ADDED ENTRY ELEMENTS (KOHA) |
| Source of classification or shelving scheme |
|
| Koha item type |
Book |